LEADER 04294nam 2201141 a 450 001 9910458774303321 005 20210121004012.0 010 $a0-19-976051-9 035 $a(CKB)2560000000061058 035 $a(StDuBDS)AH24087821 035 $a(SSID)ssj0000591784 035 $a(PQKBManifestationID)12242756 035 $a(PQKBTitleCode)TC0000591784 035 $a(PQKBWorkID)10729080 035 $a(PQKB)10818258 035 $a(MiAaPQ)EBC665459 035 $a(EXLCZ)992560000000061058 100 $a20050715d2006 uy 0 101 0 $aeng 135 $aur||||||||||| 181 $ctxt 182 $cc 183 $acr 200 10$aManaging social anxiety$b[electronic resource] $ea cognitive-behavioral therapy approach : therapist guide /$fDebra A. Hope, Richard G. Heimberg, Cynthia L. Turk 210 $aOxford $cOxford University Press$d2006 215 $a1 online resource (xii, 188 p.) 225 0 $aTreatments that work Managing social anxiety 225 0$aTreatments that work 300 $aFormerly CIP.$5Uk 311 $a0-19-518993-0 320 $aIncludes bibliographical references and index. 330 $aThis title is for practicing mental health professionals who treat adult clients diagnosed with Social Anxiety Disorder and/or Specific Social Phobias. It lays out a cognitive-behavioral treatment programme to help clinicians teach their clients to learn to monitor their anxiety. 330 $bThis book is designed to be used in conjunction with Managing Social Anxiety, Client Workbook. This new Guide is for practicing mental health professionals who treat adult clients diagnosed with Social Anxiety Disorder and/or Specific Social Phobias. It lays out a cognitive-behavioral treatment program to help clinicians teach their clients to learn to monitor their anxiety, gain control and initiate needed change. CBT techniques such as cognitive restructuring and in vivo exposure are explained. The treatment offered is evidence-based and proven to be effective. 606 $aAnxiety$xTreatment 606 $aAnxiety$xSocial aspects 606 $aCognitive therapy 606 $aPhobic Disorders$xtherapy 606 $aShyness 606 $aCognitive Therapy$xmethods 606 $aAnxiety$xTreatment 606 $aAnxiety$xSocial aspects 606 $aCognitive therapy 606 $aInvestigative Techniques 606 $aAnxiety Disorders 606 $aBehavior Therapy 606 $aSocial Behavior 606 $aMental Disorders 606 $aBehavior 606 $aPsychotherapy 606 $aBehavioral Disciplines and Activities 606 $aPsychology 606 $aBehavior and Behavior Mechanisms 606 $aPhobic Disorders 606 $aCognitive Therapy 606 $aShyness 606 $aMethods 606 $aPsychiatry$2HILCC 606 $aHealth & Biological Sciences$2HILCC 606 $aPsychiatric Disorders, Individual$2HILCC 608 $aElectronic books.$2lcsh 615 0$aAnxiety$xTreatment. 615 0$aAnxiety$xSocial aspects. 615 0$aCognitive therapy. 615 12$aPhobic Disorders$xtherapy. 615 12$aShyness. 615 22$aCognitive Therapy$xmethods. 615 0$aAnxiety$xTreatment 615 0$aAnxiety$xSocial aspects 615 0$aCognitive therapy 615 2$aInvestigative Techniques 615 2$aAnxiety Disorders 615 2$aBehavior Therapy 615 2$aSocial Behavior 615 2$aMental Disorders 615 2$aBehavior 615 2$aPsychotherapy 615 2$aBehavioral Disciplines and Activities 615 2$aPsychology 615 2$aBehavior and Behavior Mechanisms 615 2$aPhobic Disorders 615 2$aCognitive Therapy 615 2$aShyness 615 2$aMethods 615 7$aPsychiatry 615 7$aHealth & Biological Sciences 615 7$aPsychiatric Disorders, Individual 676 $a616.852206 700 $aHope$b Debra A$0931424 701 $aHeimberg$b Richard G$0859715 701 $aTurk$b Cynthia L$0859716 801 0$bStDuBDS 801 2$bUkPrAHLS 801 2$bUkPrAHLS 801 2$bUkPrAHLS 906 $aBOOK 912 $a9910458774303321 996 $aManaging social anxiety$92095218 997 $aUNINA LEADER 01677nam2 22003493i 450 001 NAP0413815 005 20251003044250.0 010 $a2876471612 100 $a20080723e19951847||||0itac50 ba 101 | $afre 102 $afr 181 1$6z01$ai $bxxxe 182 1$6z01$an 200 1 $aˆ1: ‰Introduction, essai philosophique sur les probabilités$aLivre 1., du calcul des fonctions génératrices$fPierre-Simon Laplace 210 $a[Paris]$cJ. Gabay$d[1995] 215 $aCLXIX, 194 p., [1] ritr.$d24 cm 300 $aTit. dell'ed. orig.: Oeuvres de Laplace, t. 7., v. 1 300 $aRipr. facs. dell' ed.: Paris : Imprimerie Royale, 1847. 423 0$12001 $aEssai philosophique sur les probabilités$fPierre-Simon Laplace. - 3. ed.$1700 1$aLaplace$b, Pierre Simon : de$3CFIV073747$4070 423 0$12001 $aDu calcul des fonctions génératrices$fPierre-Simon Laplace. - 4. ed.$1700 1$aLaplace$b, Pierre Simon : de$3CFIV073747$4070 461 1$1001NAP0413814$12001 $aThéorie analytique des probabilités$fPierre-Simon Laplace$v1 606 $aProbabilita$xTeoria$2FIR$3SBLC118061$9I 676 $a519.2$9Probabilità$v14 700 1$aLaplace$b, Pierre Simon : de$3CFIV073747$4070$046184 801 3$aIT$bIT-000000$c20080723 850 $aIT-BN0095 912 $aNAP0413815 950 2$aBiblioteca Centralizzata di Ateneo$cv. 1-2$d 01RIPR. FACSFr. B 0132$e 0102 0000068735 VMA (0001 v. 1$fY $h20080527$i20080527 977 $a 01 996 $aIntroduction, essai philosophique sur les probabilités$9103855 996 $aLivre 1., du calcul des fonctions génératrices$9103856 997 $aUNISANNIO